| 000 | 00375nam a2200145Ia 4500 | ||
|---|---|---|---|
| 008 | 150201s2010 xx 000 0 und d | ||
| 082 |
_a616 _bP10M |
||
| 100 | _aMANDELL, G.L. | ||
| 245 | _aPRINCIPLES AND PRACTICE OF INFECTIOUS DISEASES | ||
| 250 | _a7TH | ||
| 260 |
_bCHURCHILL _aPHILADELPHIA _c2010 |
||
| 300 | _a1-1904 | ||
| 650 | _aMEDICINE AND DIAGNOSIS | ||
| 942 |
_2ddc _cBK |
||
| 999 |
_c254 _d254 |
||